000 00897nam a2200229Ia 4500
001 19429
003 GE_BSU
008 181216s||||||||xx |||||||||||||| ||und||
020 _aISSN 0134-4943
040 _cGE_BSU
245 _aიბერიულ-კავკასიური ენათმეცნიერება XXVI
245 _cსარედ;კოლ;შ.აფრიდონიძე,გ.თოფურიადა სხვ;მთ.რედ:ქ.ლომთათიძე
260 _aთბილისი
260 _bმეცნიერება
260 _c1987
300 _a271გვ;26სმ.
541 _h5ლ.80თ.
653 _aენათმეცნიერება
653 _aიბერიულ-კავკასიური ენათმეცნიერება XXVI
653 _aქართული ენა
942 _cBK
999 _c52409
_d52409